|
|
|
|
| LEADER |
01958nam a2200409 a 4500 |
| 001 |
EBC3570926 |
| 003 |
MiAaPQ |
| 005 |
20200520144314.0 |
| 006 |
m o d | |
| 007 |
cr cn||||||||| |
| 008 |
060928s2007 moua sb s001 0 eng |
| 010 |
|
|
|z 2006032112
|
| 020 |
|
|
|z 9780826216922 (hard cover : alk. paper)
|
| 020 |
|
|
|z 0826216927 (hard cover : alk. paper)
|
| 020 |
|
|
|z 9780826216984 (pbk. : alk. paper)
|
| 020 |
|
|
|z 0826216986 (pbk. : alk. paper)
|
| 035 |
|
|
|a (MiAaPQ)EBC3570926
|
| 035 |
|
|
|a (Au-PeEL)EBL3570926
|
| 035 |
|
|
|a (CaPaEBR)ebr10188303
|
| 035 |
|
|
|a (OCoLC)170230529
|
| 040 |
|
|
|a MiAaPQ
|c MiAaPQ
|d MiAaPQ
|
| 050 |
|
4 |
|a JZ1242
|b .I87 2007
|
| 082 |
0 |
4 |
|a 355/.031091821
|2 22
|
| 245 |
0 |
0 |
|a Is there still a West?
|h [electronic resource] :
|b the future of the Atlantic Alliance /
|c edited by William Anthony Hay and Harvey Sicherman.
|
| 260 |
|
|
|a Columbia :
|b University of Missouri Press,
|c c2007.
|
| 300 |
|
|
|a x, 251 p. :
|b ill.
|
| 504 |
|
|
|a Includes bibliographical references (p. 207-226) and index.
|
| 520 |
|
|
|a "Scholarly essay collection that considers whether "the West" is still a major force in international affairs or whether we face a new world of competing states and shifting alliances. In proposing possible counterterrorism strategies to define a shared Western security policy, they offer an alternative to neoconservative and liberal viewpoints"--Provided by publisher.
|
| 533 |
|
|
|a Electronic reproduction. Ann Arbor, MI : ProQuest, 2016. Available via World Wide Web. Access may be limited to ProQuest affiliated libraries.
|
| 610 |
2 |
0 |
|a North Atlantic Treaty Organization.
|
| 650 |
|
0 |
|a International relations.
|
| 650 |
|
0 |
|a Security, International.
|
| 655 |
|
4 |
|a Electronic books.
|
| 700 |
1 |
|
|a Hay, William Anthony,
|d 1968-
|
| 700 |
1 |
|
|a Sicherman, Harvey.
|
| 710 |
2 |
|
|a ProQuest (Firm)
|
| 856 |
4 |
0 |
|u https://ebookcentral.proquest.com/lib/matrademy/detail.action?docID=3570926
|z Click to View
|